00466 2200193 4500245003700000020001800037250001100055700002000066700002300086100001500109650001700124005001900141260003100160041001400191084001300205300003400218336000900252338001100261 aBleach Vol. 35cKubo, TitehText a9789792343564 aCet. 1 aIne Martiana K. aFebrian Anantasyah aKubo, Tite aKomik Jepang a20230201144150 aJakartabPT Gramediac2010 aIndonesia a741.5592 a... jil. :bilus. ;c17,5 cm. atext avolume